| 000 | 00660nam a2200241Ia 4500 | ||
|---|---|---|---|
| 005 | 20260121112055.0 | ||
| 008 | 3094 260114s9999 xx 000 0 eng d | ||
| 020 | _a9789811212741 | ||
| 037 | _aEBOOK | ||
| 040 |
_aCRL _beng _cCRL |
||
| 041 |
_aeng _2eng |
||
| 084 | _qCRL | ||
| 100 |
_aDana Leo-Paul Et Al _9951811 |
||
| 245 | 0 | _aOrganising Entrepreneurship and Msmes Across India | |
| 260 | _bWorld Scientific | ||
| 260 | _bWSPC | ||
| 260 | _c2020 | ||
| 650 |
_aBusiness And Management _9951812 |
||
| 856 | _uhttps://www.worldscientific.com/worldscibooks/10.1142/11622#t=toc | ||
| 942 | _cEBOOK | ||
| 999 |
_c1540394 _d1540394 |
||